000 01190nam0a2200325 4500
001 RU\NLR\BIBL_A\010982026
005 20250624204934.0
010 _a978-5-94962-293-3
021 _aRU
_b2016-6129
_9389
035 _a(NILC)RuMoRGB-008131913
035 _a(NLR Aleph) 010982026
090 _a10878358
_c10878358
100 _a20160216d2015 |||y0rusy50 ca
101 0 _aeng
102 _aRU
105 _ay z 000ay
200 1 _aFight club
_e[книга для чтения на английском языке]
_fChuck Palahniuk
_gадапт., сокр. и слов.: А. В. Шитова
210 _aСанкт-Петербург
_cАнтология
_d2015
215 _a159 с.
_d20
225 1 _aAbridged bestseller
_iIntermediate
333 _a16+
541 1 _aБойцовский клуб
_zrus
606 1 _aАнглийский язык
_jКниги для чтения
_9972309
_3RU\NLR\AUTH\6646032
686 1 _aШ143.21-93рус91
700 1 _7ba
_8eng
_aPalahniuk
_bCh.
_f1961-
_gChuck
_9217776
_3RU\NLR\AUTH\770217832
702 1 _aŠitova
_bA. V.
_gAlina Valentinovna
_4010
942 _cBOOK
980 _aNB